Sonihra Daria (Record no. 299629)

000 -LEADER
fixed length control field 00280 a2200121 4500
001 - CONTROL NUMBER
control field 64556
082 ## - DEWEY DECIMAL CLASSIFICATION NUMBER
Classification number 8914393 RAQ
090 ## - LOCALLY ASSIGNED LC-TYPE CALL NUMBER (OCLC); LOCAL CALL NUMBER (RLIN)
-- 38184
-- 38184
100 ## - MAIN ENTRY--PERSONAL NAME
Personal name Raqya Jaffri
245 ## - TITLE STATEMENT
Title Sonihra Daria
Medium Urdu
260 ## - PUBLICATION, DISTRIBUTION, ETC.
Place of publication, distribution, etc. Lahore
Name of publisher, distributor, etc. Sang-e- Meel Publication
Date of publication, distribution, etc. 1998
300 ## - PHYSICAL DESCRIPTION
Extent 32p.
942 ## - ADDED ENTRY ELEMENTS (KOHA)
Institution code [OBSOLETE] NUST CAE
Call number prefix 8914393 RAQ
Holdings
Withdrawn status Lost status Damaged status Not for loan Collection code Permanent Location Current Location Date acquired Total Checkouts Full call number Barcode Date last seen Price effective from Koha item type
          College of Aeronautical Engineering (CAE) College of Aeronautical Engineering (CAE) 04/03/2017   8914393 RAQ CAEN-4083 04/05/2017 04/05/2017 Book
© 2023 Central Library, National University of Sciences and Technology. All Rights Reserved.